MARC details
| 000 -LEADER |
| fixed length control field |
02223cas a2200553 a 4500 |
| 001 - CONTROL NUMBER |
| control field |
11484907 |
| 003 - CONTROL NUMBER IDENTIFIER |
| control field |
GZU |
| 005 - DATE AND TIME OF LATEST TRANSACTION |
| control field |
20210524130641.0 |
| 008 - FIXED-LENGTH DATA ELEMENTS--GENERAL INFORMATION |
| fixed length control field |
960909c19949999enkar p 0 a0eng c |
| 010 ## - LIBRARY OF CONGRESS CONTROL NUMBER |
| LC control number |
97648259 |
| 015 ## - NATIONAL BIBLIOGRAPHY NUMBER |
| National bibliography number |
GB9643474 |
| Source |
bnb |
| 016 7# - NATIONAL BIBLIOGRAPHIC AGENCY CONTROL NUMBER |
| Record control number |
007245122 |
| Source |
Uk |
| 022 ## - INTERNATIONAL STANDARD SERIAL NUMBER |
| International Standard Serial Number |
1384-623X |
| ISSN-L |
1384-623X |
| Source |
2 |
| 035 ## - SYSTEM CONTROL NUMBER |
| System control number |
(OCoLC)ocm35448320 |
| 040 ## - CATALOGING SOURCE |
| Original cataloging agency |
UCX |
| Language of cataloging |
eng |
| Transcribing agency |
UCX |
| Modifying agency |
ZBL |
| -- |
DLC |
| -- |
HVL |
| -- |
NLGGC |
| -- |
DLC |
| -- |
UKMGB |
| -- |
OCLCQ |
| -- |
OCLCF |
| -- |
YDXCP |
| -- |
OCLCO |
| -- |
OCL |
| -- |
YDX |
| -- |
YLS |
| -- |
OCLCA |
| -- |
CEF |
| -- |
OCLCQ |
| -- |
YLS |
| -- |
WAU |
| 042 ## - AUTHENTICATION CODE |
| Authentication code |
pcc |
| 050 00 - LIBRARY OF CONGRESS CALL NUMBER |
| Classification number |
K670.A53 |
| Item number |
A56 |
| 082 04 - DEWEY DECIMAL CLASSIFICATION NUMBER |
| Classification number |
346.01/5 |
| -- |
342.615 |
| Edition number |
19 |
| 222 #0 - KEY TITLE |
| Key title |
International survey of family law |
| 245 04 - TITLE STATEMENT |
| Title |
The international survey of family law. |
| 260 ## - PUBLICATION, DISTRIBUTION, ETC. |
| Materials specified |
1996-<2001> : |
| Place of publication, distribution, etc. |
The Hague ; |
| -- |
Boston : |
| Name of publisher, distributor, etc. |
M. Nijhoff ; |
| Place of publication, distribution, etc. |
Cambridge, MA : |
| Name of publisher, distributor, etc. |
Sold and distributed in the U.S.A. and Canada by Kluwer Law International, |
| Date of publication, distribution, etc. |
1996- |
| 264 21 - PRODUCTION, PUBLICATION, DISTRIBUTION, MANUFACTURE, AND COPYRIGHT NOTICE |
| Materials specified |
<2017> : |
| Place of production, publication, distribution, manufacture |
Bristol [England] : |
| Name of producer, publisher, distributor, manufacturer |
LexisNexis |
| 264 31 - PRODUCTION, PUBLICATION, DISTRIBUTION, MANUFACTURE, AND COPYRIGHT NOTICE |
| Materials specified |
2018- : |
| Place of production, publication, distribution, manufacture |
Cambridge [England] ; |
| -- |
Antwerp ; |
| -- |
Chicago : |
| Name of producer, publisher, distributor, manufacturer |
Intersentia |
| 300 ## - PHYSICAL DESCRIPTION |
| Extent |
volumes ; |
| Dimensions |
24 cm |
| 310 ## - CURRENT PUBLICATION FREQUENCY |
| Current publication frequency |
Annual |
| 336 ## - CONTENT TYPE |
| Content type term |
text |
| Content type code |
txt |
| Source |
rdacontent |
| 337 ## - MEDIA TYPE |
| Media type term |
unmediated |
| Media type code |
n |
| Source |
rdamedia |
| 338 ## - CARRIER TYPE |
| Carrier type term |
volume |
| Carrier type code |
nc |
| Source |
rdacarrier |
| 362 0# - DATES OF PUBLICATION AND/OR SEQUENTIAL DESIGNATION |
| Dates of publication and/or sequential designation |
1994- |
| 500 ## - GENERAL NOTE |
| General note |
"Published on behalf of the International Society of Family Law." |
| 500 ## - GENERAL NOTE |
| General note |
Edited by Andrew Bainham, 1994-2006; later editors vary. |
| 588 ## - SOURCE OF DESCRIPTION NOTE |
| Source of description note |
Latest issue consulted: 2018 edition. |
| 590 ## - LOCAL NOTE (RLIN) |
| Local note |
SERBIB/SERLOC merged record |
| 650 #0 - SUBJECT ADDED ENTRY--TOPICAL TERM |
| Topical term or geographic name entry element |
Domestic relations |
| Form subdivision |
Periodicals. |
| 650 #0 - SUBJECT ADDED ENTRY--TOPICAL TERM |
| Topical term or geographic name entry element |
Family policy |
| Form subdivision |
Periodicals. |
| 650 #7 - SUBJECT ADDED ENTRY--TOPICAL TERM |
| Topical term or geographic name entry element |
Domestic relations. |
| Source of heading or term |
fast |
| Authority record control number or standard number |
(OCoLC)fst00896646 |
| 650 #7 - SUBJECT ADDED ENTRY--TOPICAL TERM |
| Topical term or geographic name entry element |
Family policy. |
| Source of heading or term |
fast |
| Authority record control number or standard number |
(OCoLC)fst00920433 |
| 650 17 - SUBJECT ADDED ENTRY--TOPICAL TERM |
| Topical term or geographic name entry element |
Familierecht. |
| Source of heading or term |
gtt |
| 655 #7 - INDEX TERM--GENRE/FORM |
| Genre/form data or focus term |
Periodicals. |
| Source of term |
fast |
| Authority record control number or standard number |
(OCoLC)fst01411641 |
| 655 #7 - INDEX TERM--GENRE/FORM |
| Genre/form data or focus term |
Periodicals. |
| Source of term |
lcgft |
| 700 1# - ADDED ENTRY--PERSONAL NAME |
| Materials specified |
1994-2006: |
| Personal name |
Bainham, Andrew, |
| Relator term |
editor. |
| 710 2# - ADDED ENTRY--CORPORATE NAME |
| Corporate name or jurisdiction name as entry element |
International Society on Family Law, |
| Relator term |
issuing body. |
| 776 08 - ADDITIONAL PHYSICAL FORM ENTRY |
| Relationship information |
Online version: |
| Title |
International survey of family law |
| Record control number |
(DLC) 2020256569 |
| -- |
(OCoLC)910558459 |
| 780 00 - PRECEDING ENTRY |
| Title |
Annual survey of family law |
| Record control number |
(DLC) 83641536 |
| -- |
(OCoLC)7702984 |
| 906 ## - LOCAL DATA ELEMENT F, LDF (RLIN) |
| a |
7 |
| b |
cbc |
| c |
serials |
| d |
u |
| e |
ncip |
| f |
19 |
| g |
n-oclcserc |
| 942 ## - ADDED ENTRY ELEMENTS (KOHA) |
| Source of classification or shelving scheme |
Library of Congress Classification |
| Koha item type |
Books |
| Edition |
2011th |
| Classification part |
670 |
| Item part |
INT |
| Call number prefix |
K |
| Call number suffix |
2011 |